<?xml version="1.0" encoding="UTF-8"?>
<record
    xmlns:xsi="http://www.w3.org/2001/XMLSchema-instance"
    xsi:schemaLocation="http://www.loc.gov/MARC21/slim http://www.loc.gov/standards/marcxml/schema/MARC21slim.xsd"
    xmlns="http://www.loc.gov/MARC21/slim">

  <leader>00994nam2a2200253   4500</leader>
  <controlfield tag="001">RU\NLR\BIBL_A\016241757</controlfield>
  <controlfield tag="005">20240822090026.0</controlfield>
  <datafield tag="010" ind1=" " ind2=" ">
    <subfield code="a">978-5-04-174524-0</subfield>
    <subfield code="9">5000</subfield>
  </datafield>
  <datafield tag="021" ind1=" " ind2=" ">
    <subfield code="a">RU</subfield>
    <subfield code="b">&#x41A;&#x41D;-&#x41F;-22-084795</subfield>
    <subfield code="9">&#x41A;&#x41D;-&#x41F;-22-7489</subfield>
  </datafield>
  <datafield tag="035" ind1=" " ind2=" ">
    <subfield code="a">(NLR Aleph) 016241757</subfield>
  </datafield>
  <datafield tag="090" ind1=" " ind2=" ">
    <subfield code="a">12799585</subfield>
    <subfield code="c">12799585</subfield>
  </datafield>
  <datafield tag="100" ind1=" " ind2=" ">
    <subfield code="a">20221219d2023    u  y0rusy50      ca</subfield>
  </datafield>
  <datafield tag="101" ind1="0" ind2=" ">
    <subfield code="a">rus</subfield>
  </datafield>
  <datafield tag="102" ind1=" " ind2=" ">
    <subfield code="a">RU</subfield>
  </datafield>
  <datafield tag="105" ind1=" " ind2=" ">
    <subfield code="a">a   z   000ay</subfield>
  </datafield>
  <datafield tag="200" ind1="1" ind2=" ">
    <subfield code="a">&#x422;&#x430;&#x439;&#x43D;&#x430; &#x41C;&#x430;&#x440;&#x43A;&#x43E;</subfield>
  </datafield>
  <datafield tag="210" ind1=" " ind2=" ">
    <subfield code="d">2023 [&#x442;. &#x435;. 2022]</subfield>
  </datafield>
  <datafield tag="215" ind1=" " ind2=" ">
    <subfield code="a">349 &#x441;.</subfield>
    <subfield code="c">&#x438;&#x43B;.</subfield>
  </datafield>
  <datafield tag="300" ind1=" " ind2=" ">
    <subfield code="a">&#x41A;&#x43D;. &#x444;&#x430;&#x43A;&#x442;&#x438;&#x447;&#x435;&#x441;&#x43A;&#x438; &#x438;&#x437;&#x434;. &#x432; 2022 &#x433;.</subfield>
  </datafield>
  <datafield tag="461" ind1=" " ind2="0">
    <subfield code="1">001RU\NLR\BIBL_A\016237347</subfield>
    <subfield code="1">2001#$a&#x413;&#x440;&#x430;&#x446;&#x438;&#x44F; &#x43A;&#x43E;&#x440;&#x43E;&#x43B;&#x435;&#x432;&#x44B; &#x43D;&#x435;&#x431;&#x435;&#x441;$f&#x410;&#x43D;&#x43D;&#x430; &#x428;&#x435;&#x440;&#x440;&#x438;$v#1</subfield>
    <subfield code="1">700#1$a&#x428;&#x435;&#x440;&#x440;&#x438;$b&#x410;.$f1981-$g&#x410;&#x43D;&#x430;$3RU\NLR\AUTH\770226216</subfield>
    <subfield code="9">12786533</subfield>
    <subfield code="a">&#x428;&#x435;&#x440;&#x440;&#x438;, &#x410;. (1981-)</subfield>
    <subfield code="c">&#x41C;&#x43E;&#x441;&#x43A;&#x432;&#x430;</subfield>
    <subfield code="d">2023</subfield>
    <subfield code="f">&#x410;&#x43D;&#x43D;&#x430; &#x428;&#x435;&#x440;&#x440;&#x438;</subfield>
    <subfield code="n">&#x42D;&#x43A;&#x441;&#x43C;&#x43E;</subfield>
    <subfield code="t">&#x413;&#x440;&#x430;&#x446;&#x438;&#x44F; &#x43A;&#x43E;&#x440;&#x43E;&#x43B;&#x435;&#x432;&#x44B; &#x43D;&#x435;&#x431;&#x435;&#x441;</subfield>
    <subfield code="v">#1</subfield>
  </datafield>
  <datafield tag="942" ind1=" " ind2=" ">
    <subfield code="c">BOOK</subfield>
  </datafield>
  <datafield tag="980" ind1=" " ind2=" ">
    <subfield code="a">NB</subfield>
  </datafield>
  <datafield tag="995" ind1=" " ind2=" ">
    <subfield code="5">2022-12-19</subfield>
    <subfield code="a">ad</subfield>
    <subfield code="b">NLR01</subfield>
    <subfield code="c">NLR01</subfield>
    <subfield code="e">RF81</subfield>
    <subfield code="f">1-4094071</subfield>
    <subfield code="k">2022-5/12875</subfield>
    <subfield code="o">0</subfield>
    <subfield code="r">BOOK</subfield>
    <subfield code="s">2022512875_</subfield>
  </datafield>
  <datafield tag="995" ind1=" " ind2=" ">
    <subfield code="5">2022-12-19</subfield>
    <subfield code="a">ad</subfield>
    <subfield code="b">NLR01</subfield>
    <subfield code="c">NLR01</subfield>
    <subfield code="e">RF81</subfield>
    <subfield code="f">1-4094067</subfield>
    <subfield code="k">2022-5/12875</subfield>
    <subfield code="o">0</subfield>
    <subfield code="r">BOOK</subfield>
    <subfield code="s">2022512875_</subfield>
  </datafield>
</record>
